000 00809nam a2200217Ia 4500
003 GCL
008 140319s9999 xx 000 0 ara d
020 _a3835810977
040 _aGCL /
_cGCL
082 0 4 _a183
_bم ت
100 1 _aمصطفى النشار
245 1 0 _aتاريخ الفلسفة اليونانية :
_bالجزء الاول - السابقون على السوفسطاتيين /
_cمصطفى النشار
260 _aالقاهرة :
_bدار قباء للطباعة والنشر والتوزيع ،
_c1998
300 _a367 ص ؛
_c24 سم
650 0 4 _aالفلسفة اليونانية
650 0 4 _aالافلاطونية
650 0 4 _aالفلسفة - تاريخ
650 0 4 _aالفلاسفة اليونانيون
650 0 4 _aالسقراطية (فلسفة)
942 _2ddc
_cBK
999 _c872
_d872